The Simpsons' Characters - 2 - Statistics

General Stats
  • This quiz has been taken 91 times
  • The average score is 15 of 20
Answer Stats
Picture Answer % Correct
Sideshow Bob / Bob Terwilliger
97%
Lenny Leonard
94%
Carl Carson
92%
Reverend Lovejoy / Timothy Lovejoy
91%
Willie
91%
Martin Prince
89%
Patty Bouvier
86%
Selma Bouvier
86%
Duffman
84%
Otto
84%
Joe Quimby
77%
Bumblebee Man
73%
Elizabeth Hoover
72%
Sideshow Mel / Melvin Van Horne
70%
Lou
67%
Agnes Skinner
58%
Doctor Nick Riviera
56%
Eddie
53%
Mona Simpson
52%
Sherri and Terri
50%
No matching quizzes found
Score Distribution
Percent of People with Each Score
Percentile by Number Answered
Your Score History
You have not taken this quiz